| 000 | 00979nas a2200289 4500 | ||
|---|---|---|---|
| 001 | BR2014003071 | ||
| 003 | BR-BrBNA | ||
| 005 | 20231205124029.0 | ||
| 007 | ta | ||
| 008 | 230509b bl.|||p| |||| 00| 00por d | ||
| 040 |
_aBR-BrBNA _bpor _cBiblioteca Nacional de Agricultura |
||
| 041 | _a(Pt) | ||
| 072 | _aP33 | ||
| 100 | 1 | _aCruz, D.L. de S. | |
| 100 | 1 | _aVale Júnior, J.F. do | |
| 100 | 1 | _aCruz, P.L. de S. | |
| 100 | 1 | _aCruz, A.B. de S. | |
| 100 | 1 | _aNascimento, P.P.R.R. | |
| 245 | 1 | _aAtributos físicos-hídricos de um argissolo amarelo sob floresta e savana naturais convertidas para pastagem em Roraima | |
| 650 | _aMANEJO DO SOLO | ||
| 650 | _aANÁLISE DO SOLO | ||
| 650 | _aPOROSIDADE | ||
| 773 | 0 |
_tRevista Brasileira de Ciência do Solo (Brazil) _xISSN 0100-0683 _g(Jan-Feb 2014), v. 38(1) p. 307-314 _wBR2014003071 |
|
| 856 | 4 | 0 | _uhttp://www.scielo.br/pdf/rbcs/v38n1/a31v38n1.pdf |
| 909 |
_a202311 _bLúcia _c55 _dLúcia Elande |
||
| 942 |
_2AGRIS _n0 _cANA |
||
| 999 |
_c236987 _d236987 |
||